TV Shows by State - Statistics

General Stats
  • This quiz has been taken 57 times
  • The average score is 21 of 51
Answer Stats
Show State % Correct
Nashville Tennessee
80%
Breaking Bad New Mexico
78%
Friends New York
76%
Dexter Florida
67%
Cheers Massachusetts
67%
CSI Nevada
67%
The Sopranos New Jersey
67%
ER Illinois
64%
The Office Pennsylvania
64%
Family Guy Rhode Island
64%
The West Wing Washington, DC
64%
Northern Exposure Alaska
60%
Magnum, PI Hawaii
60%
Hart of Dixie Alabama
58%
Smallville Kansas
58%
South Park Colorado
56%
The Gilmore Girls Connecticut
56%
Friday Night Lights Texas
56%
Happy Days Wisconsin
53%
Stranger Things Indiana
51%
The Walking Dead Georgia
49%
Home Improvement Michigan
49%
Glee Ohio
47%
The Wire Maryland
44%
In the Heat of the Night Mississippi
40%
Gravity Falls Oregon
40%
Big Love Utah
38%
Twin Peaks Washington
38%
American Pickers Iowa
36%
True Blood Louisiana
36%
Newhart Vermont
36%
Deadwood South Dakota
33%
Murder, She Wrote Maine
31%
Tiger King Oklahoma
29%
Columbo California
27%
The Mary Tyler Moore Show Minnesota
27%
One Tree Hill North Carolina
27%
Criminal Minds Virginia
24%
Justified Kentucky
18%
Evening Shade Arkansas
16%
Medium Arizona
13%
Blood and Oil North Dakota
13%
Army Wives South Carolina
13%
Longmire Wyoming
13%
Wayward Pines Idaho
11%
Masters of Sex Missouri
11%
Best of the West Montana
11%
The Pretender Delaware
9%
The Young Riders Nebraska
9%
Stan Against Evil New Hampshire
9%
Outcast West Virginia
9%
No matching quizzes found
Score Distribution
Percent of People with Each Score
Percentile by Number Answered
Your Score History
You have not taken this quiz